Random Geography Stuff 3 - Statistics

General Stats
  • This quiz has been taken 63 times
    62 since last reset
  • The average score is 7 of 10
Answer Stats
Hint Answer % Correct
What country(s) surround Argentina? Chile, Paraguay, Uruguay, Bolivia, Brazil
94%
What is the capital of Japan? Tokyo
90%
What is the smallest country by population? Vatican City
90%
What is the SECOND largest country in South America? Argentina
88%
What is the largest mountain in the world? Mount Everest
86%
How many original US colonies are there? 13
82%
What is the capital of Morocco? Rabat
82%
What is the largest desert in the world? Antarctic Desert
66%
What is the capital of Lesotho? Maseru
48%
What is the population of Indonesia? 270 million
16%
No matching quizzes found
Score Distribution
Percent of People with Each Score
Percentile by Number Answered
Your Score History
You have not taken this quiz since the last reset